000 00415nam a2200169Ia 4500
003 GCL
008 140319s9999 xx 000 0 eng d
040 _aGCL /
_cGCL
082 0 4 _a320.94
_bS E
100 1 _aSTEINER, JURG
245 1 0 _aEUROPEAN DE MOCRACIES /
_cSTEINER, JURG
260 _a[S.N] :
_bLONGMAN ،
_c1994
300 _a446 P
650 0 4 _aEUROPE
650 0 4 _aPOLICY - GOVERNMENT
942 _2ddc
_cBK
999 _c23575
_d23575